Statistics for NCT 127 - Highway To Heaven - English Version (ALL LYRICS)

Click here to take the quiz!

General Stats

  • This quiz has been taken 208 times
  • The average score is 318 of 380

Answer Stats

Answer% Correct
I
100%
you
99%
heaven
98%
highway
98%
to
98%
go
94%
the
94%
we
94%
a
93%
can
93%
my
92%
on
91%
take
91%
love
90%
your
88%
body
87%
can't
87%
girl
87%
it
87%
oh
87%
up
87%
yeah
87%
wait
86%
and
85%
baby
84%
call
84%
me
84%
when
84%
what
83%
who
83%
know
82%
so
82%
all
81%
let
81%
are
79%
want
79%
we'll
79%
bad
78%
callin'
78%
that
78%
where
78%
for
77%
make
77%
see
77%
in
76%
say
76%
mouth
75%
repeat
75%
got
74%
wanna
74%
alone
73%
mine
73%
watch
73%
time
72%
with
72%
body's
71%
goes
71%
like
71%
pick
71%
pull
71%
some
71%
this
71%
waiting
71%
lovin'
70%
last
69%
lie
69%
let's
68%
I'm
67%
just
67%
one
67%
talkin'
67%
they
65%
you're
65%
it's
62%
line
62%
never
62%
chemistry
61%
get
61%
spend
61%
beep
60%
busy
60%
coming
60%
friends
60%
I'll
60%
tell
60%
wrist
60%
101
59%
anytime
59%
light
59%
show
59%
had
58%
hit
58%
world
58%
if
57%
should
57%
things
57%
won't
57%
bet
56%
real
55%
good
54%
she's
54%
skrrt
54%
back
53%
feels
53%
how
53%
vibe
53%
leave
52%
loving
46%
coupe
40%
look
35%

Score Distribution

Percentile by Number Answered

Percent of People with Each Score

Your Score History

You have not taken this quiz